000 00570cam a2200205 a 4500
020 _a0321528840
020 _a9780321528841
020 _a0321529227
020 _a9780321529220
050 0 0 _aQA154.3
_b.L56 2009
100 1 _aLial, Margaret L.
245 1 0 _aPrecalculus /
_cMargaret L. Lial, John Hornsby, David I. Schneider.
250 _a4th ed.
260 _aBoston, MA :
_bPearson/Addison Wesley,
_cc2009.
300 _axx, 1094, [139] p. :
500 _aIncludes indexes.
700 1 _aHornsby, John,
700 1 _aSchneider, David I.
942 _2lcc
_cGEN
999 _c11097
_d11097